FORENSIC MEDICINE UNDER INDIAN SYSTEM OF MEDICINE (Record no. 11638)

MARC details
000 -LEADER
fixed length control field 00355nam a22001577a 4500
003 - CONTROL NUMBER IDENTIFIER
control field SGT
020 ## - INTERNATIONAL STANDARD BOOK NUMBER
International Standard Book Number 978-81-239-2361-1
082 ## - DEWEY DECIMAL CLASSIFICATION NUMBER
Classification number 614.1
Item number F14B
100 ## - MAIN ENTRY--PERSONAL NAME
Personal name PRASAD,UN
245 ## - TITLE STATEMENT
Title FORENSIC MEDICINE UNDER INDIAN SYSTEM OF MEDICINE
250 ## - EDITION STATEMENT
Edition statement 1ST
260 ## - PUBLICATION, DISTRIBUTION, ETC. (IMPRINT)
Place of publication, distribution, etc NEW DELHI
Name of publisher, distributor, etc CBS PUB
Year of Publication 2014
300 ## - PAGE DESCRIPTION
No. of Pages 178
650 ## - SUBJECT ADDED ENTRY--TOPICAL TERM
Topical term or geographic name as entry element AYURVEDA
942 ## - ADDED ENTRY ELEMENTS (KOHA)
Source of classification or shelving scheme Dewey Decimal Classification
Koha item type Books
Holdings
Withdrawn status Lost status Source of classification or shelving scheme Damaged status Not for loan Collection code Home library Current library Shelving location Date acquired Vendor Name Cost, normal purchase price SGTU Bill Number Total Checkouts Full call number Accession No. (Barcode) Date last seen Date last borrowed Bill Date Koha item type Use restrictions
    Dewey Decimal Classification     AYURVEDA SGT FA-FP Library SGT FA-FP Library Text Book 31/05/2017 AHUJA PUB 260.00 SGTU 8044 1 614.1 F14B FA6622 12/10/2020 10/10/2020 11/04/2017 Books  
    Dewey Decimal Classification     AYURVEDA SGT FA-FP Library SGT FA-FP Library Reference Book 31/05/2017 AHUJA PUB 260.00 SGTU 8044   614.1 F14B FA6623 31/05/2017   11/04/2017 Books Restricted Access